Statystyki dla Stolice świata na literę W

Kliknij tutaj aby rozwiązać quiz!

Ogólne statystyki

  • Ten quiz został rozwiązany 4 850 razy
  • Średni wynik to 6 z 9

Statystyki odpowiedzi

PaństwoStolica% Poprawnych
PolskaWarszawa
91%
Stany ZjednoczoneWaszyngton
87%
AustriaWiedeń
80%
LitwaWilno
75%
WatykanWatykan
72%
Nowa ZelandiaWellington
58%
LaosWientian
36%
Burkina FasoWagadugu
33%
NamibiaWindhuk
27%

Rozkład punktacji

Percentyl według liczby udzielonych odpowiedzi

Procent ludzi z każdym wynikiem

Twoja historia wyników

Nie rozwiązałeś tego quizu